000 00334ngm a22001454a 4500
008 150618s2000 xx 180 00 zleng d
040 _dAR-RoIUNI
245 0 0 _aJason and the argonauts /
_b[Nick Willing]
260 _c2000
300 _a1 dvd
306 _a030000
650 4 _aPSICOLOGÍA
650 4 _aAVENTURA
942 _cVM
_2cdu
999 _c2211
_d2211